| 000 | 00892cam a22002414a 4500 | ||
|---|---|---|---|
| 003 | OSt | ||
| 005 | 20251008132658.0 | ||
| 008 | 010227s2001 nyua b 001 0 eng | ||
| 020 | _a047138402X | ||
| 040 | _cMUST | ||
| 082 | 0 | 0 |
_a658.403 BET 2001 _221 |
| 100 | 1 |
_aBetz, Frederick. _919427 |
|
| 245 | 1 | 0 |
_aExecutive strategy : _bstrategic management and information technology / _cFrederick Betz. |
| 260 |
_aNew York : _bJ. Wiley, _cc2001. |
||
| 300 |
_aix, 534 p. : _bill. ; _c24 cm. |
||
| 504 | _aIncludes bibliographical references (p. 515-524) and index. | ||
| 650 | 0 |
_aStrategic planning. _912224 |
|
| 650 | 0 |
_aIndustrial management _xData processing. _919428 |
|
| 650 | 0 |
_aKnowledge management. _919429 |
|
| 650 | 0 |
_aManagement information systems. _95366 |
|
| 856 | 4 | 2 |
_3Contributor biographical information _uhttp://www.loc.gov/catdir/bios/wiley042/2001017912.html |
| 942 |
_2ddc _cO_SHELF |
||
| 999 |
_c9547 _d9547 |
||